LIBRARY & INFORMATION CENTRE, KCAET, TAVANUR

ONLINE PUBLIC ACCESS CATALOGUE (OPAC)

Ithu nammude naadaanu / (Record no. 462)

MARC details
000 -LEADER
fixed length control field 00435cam a2200181ua 4500
041 ## - LANGUAGE CODE
Language code of text/sound track or separate title mal
082 ## - DEWEY DECIMAL CLASSIFICATION NUMBER
Classification number 894.812 2
Item number OMC/IT
100 ## - MAIN ENTRY--AUTHOR NAME
Personal name Omchery, .
245 ## - TITLE STATEMENT
Title Ithu nammude naadaanu /
260 ## - PUBLICATION, DISTRIBUTION, ETC. (IMPRINT)
Place of publication Chennai :
Name of publisher Janatha Press ,
Year of publication 1959.
300 ## - PHYSICAL DESCRIPTION
Number of Pages 93 ; .
650 ## - SUBJECT ADDED ENTRY--TOPICAL TERM
Topical Term Drama - Malayalam
942 ## - ADDED ENTRY ELEMENTS (KOHA)
Koha item type Books
Holdings
Withdrawn status Lost status Damaged status Home library Current library Date acquired Full call number Accession Number Koha item type
Withdrawn   Damaged KAUAET KAUAET 07/04/2012 894.812 2 11 Books
free website counter